000 00283nam a22001337a 4500
008 170921b xxu||||| |||| 00| 0 eng d
020 _a9780070380684
041 _aeng
080 _a78
100 _a45
101 _aMUZ
245 _aINTRODUCTION MUSIC
_cPEN.R
942 _2udc
_cBK
999 _c28773
_d28773